Influence of high-permittivity barriers on PD activity in three-layer dielectrics; Journal of Physics D: Applied Physics; Vol. 37, iss. 22

Dades bibliogràfiques
Parent link:Journal of Physics D: Applied Physics
Vol. 37, iss. 22.— 2004.— [3155-3159]
Altres autors: Lebedev S. M. Sergey Mikhailovich, Gefle O. S., Pokholkov Y. P. Yuri Petrovich, Gockenbach E., Borsi H., Wasserberg V., Abedi V., Szczechowski N.
Sumari:Title screen
It is a well-known fact that the breakdown voltage of dielectrics in a divergent field may be increased by using an additional insulating layer (a barrier) placed at the optimal position between the electrodes. This paper is devoted to the investigation of the barrier effect in solid dielectrics in a quasi-uniform electric field, i.e. the study of the relationship between partial discharge (PD) activity and the barrier position in the insulating gap. It is established that the PD parameters depend on the barrier position in the gap. In particular, the ignition voltage of critical PDs is increased by more than 50% at the optimal barrier position compared to that for other barrier positions.
Режим доступа: по договору с организацией-держателем ресурса
Idioma:anglès
Publicat: 2004
Matèries:
Accés en línia:http://dx.doi.org/10.1088/0022-3727/37/22/016
Format: MixedMaterials Electrònic Capítol de llibre
KOHA link:https://koha.lib.tpu.ru/cgi-bin/koha/opac-detail.pl?biblionumber=656059

MARC

LEADER 00000naa0a2200000 4500
001 656059
005 20260424153716.0
035 |a (RuTPU)RU\TPU\network\22413 
035 |a RU\TPU\network\20260 
090 |a 656059 
100 |a 20171020d2004 k||y0rusy50 ba 
101 0 |a eng 
135 |a drcn ---uucaa 
181 0 |a i  
182 0 |a b 
200 1 |a Influence of high-permittivity barriers on PD activity in three-layer dielectrics  |f S. M. Lebedev [et al.] 
203 |a Text  |c electronic 
300 |a Title screen 
320 |a [References: p. 3159 (20 tit.)] 
330 |a It is a well-known fact that the breakdown voltage of dielectrics in a divergent field may be increased by using an additional insulating layer (a barrier) placed at the optimal position between the electrodes. This paper is devoted to the investigation of the barrier effect in solid dielectrics in a quasi-uniform electric field, i.e. the study of the relationship between partial discharge (PD) activity and the barrier position in the insulating gap. It is established that the PD parameters depend on the barrier position in the gap. In particular, the ignition voltage of critical PDs is increased by more than 50% at the optimal barrier position compared to that for other barrier positions. 
333 |a Режим доступа: по договору с организацией-держателем ресурса 
461 |t Journal of Physics D: Applied Physics 
463 |t Vol. 37, iss. 22  |v [3155-3159]  |d 2004 
610 1 |a электронный ресурс 
610 1 |a труды учёных ТПУ 
610 1 |a диэлектрики 
610 1 |a проницаемость 
610 1 |a активность 
610 1 |a электрическое поле 
610 1 |a электроды 
610 1 |a барьерный эффект 
701 1 |a Lebedev  |b S. M.  |c physicist  |c Head of the laboratory of Tomsk Polytechnic University, Doctor of technical sciences  |f 1954-  |g Sergey Mikhailovich  |3 (RuTPU)RU\TPU\pers\34631  |9 17993 
701 1 |a Gefle  |b O. S. 
701 1 |a Pokholkov  |b Y. P.  |c specialist in the field of electrical engineering, Doctor of technical sciences  |c Rector of the TPU (1990 - 2008), professor  |f 1939-  |g Yuri Petrovich  |3 (RuTPU)RU\TPU\pers\24842 
701 1 |a Gockenbach  |b E. 
701 1 |a Borsi  |b H. 
701 1 |a Wasserberg  |b V. 
701 1 |a Abedi  |b V. 
701 1 |a Szczechowski  |b N. 
801 2 |a RU  |b 63413507  |c 20171020  |g RCR 
856 4 |u http://dx.doi.org/10.1088/0022-3727/37/22/016 
942 |c CF